Guess The Irrelevent Lebron James Teammate! - Statistics

General Stats
  • This quiz has been taken 16 times
  • The average score is 6 of 47
Answer Stats
Picture Answer % Correct
Jared Dudley
64%
Timofey Mozgov
45%
Ben McLemore
36%
Wayne Ellington
36%
Ante Zizic
27%
Isaac Bonga
27%
Stanley Johnson
27%
Alfonzo McKinnie
18%
Dahntay Jones
18%
Devontae Cacok
18%
Dexter Pittman
18%
Erick Dampier
18%
Jordan McRae
18%
Kedrick Brown
18%
Ronny Turiaf
18%
Sasha Kaun
18%
Sasha Pevlovic
18%
Alan Henderson
9%
Anthony Parker
9%
Cole Swider
9%
Edy Tavares
9%
Jamario Moon
9%
Jiri Welsch
9%
Johnathan Williams
9%
John Holland
9%
Kay Felder
9%
Kevin Ollie
9%
London Perrantes
9%
Martynas Andriuškevičius
9%
Scot Pollard
9%
Shaquille Harrison
9%
Billy Thomas
0%
Brendan Haywood
0%
Darnell Jackson
0%
Devin Brown
0%
Dwayne Jones
0%
Ira Newble
0%
Jarvis Varnado
0%
Jawad Williams
0%
Jemarrio Jones
0%
Justin Hamilton
0%
Lance Allred
0%
Leon Powe
0%
Mason Jones
0%
Tarence Kinsey
0%
Terrel Harris
0%
Toney Douglas
0%
No matching quizzes found
Score Distribution
Percent of People with Each Score
Percentile by Number Answered
Your Score History
You have not taken this quiz